书目信息 |
| 题名: |
公共交通驾驶员调度
|
|
| 作者: | 沈吟东 , 陈仕军 著 | |
| 分册: | ||
| 出版信息: | 北京 清华大学出版社 2019.07 |
|
| 页数: | XII, 235页 | |
| 开本: | 25cm | |
| 丛书名: | 排序与调度丛书 | |
| 单 册: | ||
| 中图分类: | U491 | |
| 科图分类: | ||
| 主题词: | 公共交通系统--gong gong jiao tong xi tong--车辆调度 | |
| 电子资源: | ||
| ISBN: | 978-7-302-51425-1 | |
| 000 | 01332nam 2200289 450 | |
| 001 | 0100015754 | |
| 005 | 20201009150355.0 | |
| 010 | @a978-7-302-51425-1@b精装@dCNY99.00 | |
| 100 | @a20191125d2019 em y0chiy50 ea | |
| 101 | 0 | @achi |
| 102 | @aCN@b110000 | |
| 105 | @aa a 001yy | |
| 106 | @ar | |
| 200 | 1 | @a公共交通驾驶员调度@Agong gong jiao tong jia shi yuan tiao du@f沈吟东, 陈仕军著 |
| 210 | @a北京@c清华大学出版社@d2019.07 | |
| 215 | @aXII, 235页@c图@d25cm | |
| 225 | 2 | @a排序与调度丛书@Apai xu yu diao du cong shu@v3 |
| 300 | @a国家出版基金项目 “十三五”国家重点图书出版规划项目 | |
| 320 | @a有书目 (第212-223页) 和索引 | |
| 330 | @a本书应用运筹学领域的优化理论方法, 专注研究公共交通驾驶员调度问题。详细描述问题的研究背景和基本概念, 对当前世界主流求解方法进行全面评述和分类介绍。重点针对目前最流行和成功的求解方法, 介绍一系列最新研究成果, 并利用现实问题进行验证。随后, 还从现实的驾驶员调度问题中提炼出新的科学问题, 并建立扩展问题模型和求解方法。本书的研究为有效提升我国公共交通驾驶员调度水平、降低运营成本提供理论和技术支撑。 | |
| 410 | 0 | @12001 @a排序与调度丛书@v3 |
| 606 | 0 | @a公共交通系统@Agong gong jiao tong xi tong@x车辆调度 |
| 690 | @aU491@v5 | |
| 701 | 0 | @a沈吟东@Ashen yin dong@4著 |
| 701 | 0 | @a陈仕军@Achen shi jun@4著 |
| 801 | 0 | @aCN@c20201009 |
| 905 | @a河南城建学院图书馆@dU491@eS420@f1 | |
| 公共交通驾驶员调度/沈吟东, 陈仕军著.-北京:清华大学出版社,2019.07 |
| XII, 235页:图;25cm.-(排序与调度丛书;3) |
| 国家出版基金项目 “十三五”国家重点图书出版规划项目 |
| ISBN 978-7-302-51425-1(精装):CNY99.00 |
| 本书应用运筹学领域的优化理论方法, 专注研究公共交通驾驶员调度问题。详细描述问题的研究背景和基本概念, 对当前世界主流求解方法进行全面评述和分类介绍。重点针对目前最流行和成功的求解方法, 介绍一系列最新研究成果, 并利用现实问题进行验证。随后, 还从现实的驾驶员调度问题中提炼出新的科学问题, 并建立扩展问题模型和求解方法。本书的研究为有效提升我国公共交通驾驶员调度水平、降低运营成本提供理论和技术支撑。 |
| ● |
| 相关链接 |
|
|
|
正题名:公共交通驾驶员调度
索取号:U491/S420
 
预约/预借
| 序号 | 登录号 | 条形码 | 馆藏地/架位号 | 状态 | 备注 |
| 1 | 1494929 | 214949298 | 自科库501/501自科库 58排1列1层/ [索取号:U491/S420] | 在馆 |